Loading...
| Science - Physics | 0 | 3 | 0 | 1 | 30 | 65 | 93.33 | 2 | 2 | 7.19 | 24.44 |
| Science - Other | 0 | 3 | 1 | 1 | 25 | 70 | 98.67 | 1 | 3 | 7.13 | 24.44 |
| Social Science | 0 | 3 | 1 | 0 | 25 | 77 | 94.67 | 0 | 2 | 5.20 | 11.11 |
| Science - Biology | 0 | 2 | 0 | 0 | 20 | 98 | 105.50 | 0 | 1 | 1.66 | 6.67 |
| History - American | 0 | 2 | 1 | 1 | 15 | 108 | 116.50 | 0 | 1 | 1.36 | 11.11 |
| Science - Chemistry | 0 | 1 | 0 | 0 | 10 | 98 | 98.00 | 0 | 0 | 1.80 | 4.44 |
| Other Academic | 0 | 1 | 0 | 1 | 10 | 125 | 125.00 | 0 | 1 | 0.00 | 20.00 |
| History - Other | 0 | 1 | 0 | 0 | 10 | 91 | 91.00 | 0 | 1 | 2.75 | 4.44 |
| History - World | 0 | 1 | 0 | 0 | 10 | 91 | 91.00 | 0 | 0 | 2.47 | 4.44 |
| Current Events | 0 | 1 | 0 | 0 | 10 | 36 | 36.00 | 0 | 1 | 24.03 | 20.00 |
| Religion | 0 | 1 | 0 | 1 | 10 | 124 | 124.00 | 0 | 0 | 0.09 | 2.22 |
| Mythology | 0 | 1 | 1 | 0 | 5 | 98 | 98.00 | 0 | 1 | 3.22 | 4.44 |
| History - European | 0 | 1 | 1 | 1 | 5 | 131 | 131.00 | 0 | 0 | 0.00 | 2.22 |
| Literature - World | 0 | 0 | 0 | 0 | 0 | 0.00 | 0 | 0 | 0.00 | 0.00 |